Zdravotnícke pomôcky. Harmonizácia požiadaviek manažérstva kvality
Zabezpečovanie kvality zdravotníckych pomôcok vo svete. Revidované normy o kvalite zdravotníckych pomôcok. Potreba medzinárodnej harmonizácie v oblasti regulácie zdravotníckych pomôcok.
Gespeichert in:
| Weitere Verfasser: | |
|---|---|
| Format: | Buchkapitel |
| Sprache: | Slowakisch |
| Schlagworte: | |
| Tags: |
Keine Tags, Fügen Sie das erste Tag hinzu!
|
MARC
| LEADER | 00000naa$a2200000$$$4500 | ||
|---|---|---|---|
| 001 | 0025069 | ||
| 005 | 20230511074308.2 | ||
| 041 | 0 | |a slo | |
| 044 | |a SK | ||
| 245 | 1 | 0 | |a Zdravotnícke pomôcky. Harmonizácia požiadaviek manažérstva kvality |c prekl. Ján Škamla |
| 520 | |a Zabezpečovanie kvality zdravotníckych pomôcok vo svete. Revidované normy o kvalite zdravotníckych pomôcok. Potreba medzinárodnej harmonizácie v oblasti regulácie zdravotníckych pomôcok. | ||
| 610 | 2 | 0 | |a zdravotníctvo |
| 610 | 2 | 0 | |a normy ISO |
| 610 | 2 | 0 | |a riadenie kvality |
| 610 | 2 | 0 | |a riziko |
| 610 | 2 | 0 | |a aproximácia práva |
| 700 | 1 | |a Škamla, Ján | |